header

Violent passions (Record no. 189321)

MARC details
000 -LEADER
fixed length control field 01421nam a2200361Ia 4500
082 04 - DEWEY DECIMAL CLASSIFICATION NUMBER
Classification number 841/.033309354
100 1# - MAIN ENTRY--AUTHOR NAME
Personal name Adams, Tracy,
245 10 - TITLE STATEMENT
Title Violent passions
250 ## - EDITION STATEMENT
Edition statement 1st ed.
260 ## - PUBLICATION, DISTRIBUTION, ETC. (IMPRINT)
Place of publication New York :
Name of publisher Palgrave Macmillan,
Year of publication 2005.
300 ## - PHYSICAL DESCRIPTION
Number of Pages xii, 311 p.
490 1# - SERIES STATEMENT
Series statement Studies in Arthurian and courtly cultures
650 #0 - SUBJECT ADDED ENTRY--TOPICAL TERM
Topical Term French poetry
Topical Term Courtly love in literature.
Topical Term Love in literature.
856 40 - ELECTRONIC LOCATION AND ACCESS
Uniform Resource Identifier http://site.ebrary.com/lib/rucke/Doc?id=10135721

No items available.

© 2026 Rongo University
Contact us: librarian | system librarian | Rongo university